The study of History in schools (Record no. 148645)

MARC details
000 -LEADER
campo de control de longitud fija 01113nam a2200265 4500
001 - NÚMERO DE CONTROL
campo de control 148645
003 - IDENTIFICADOR DE NÚMERO DE CONTROL
campo de control ES-MaACL
005 - FECHA Y HORA DE LA ÚLTIMA TRANSACCIÓN
campo de control 20260215143816.0
007 - CAMPO FIJO DE DESCRIPCIÓN FÍSICA--INFORMACIÓN GENERAL
campo de control de longitud fija t|
008 - DATOS DE LONGITUD FIJA--INFORMACIÓN GENERAL
campo de control de longitud fija 070214s1915 xxu r ||||1| eng d
245 04 - MENCIÓN DEL TÍTULO
Título The study of History in schools
Resto del título : report to the American Historical Association /
Mención de responsabilidad, etc. by the Committee of Seven, Andrew C. McLaughlin... [et al.].
260 ## - PUBLICACIÓN, DISTRIBUCIÓN, ETC.
Lugar de publicación, distribución, etc. New York :
Nombre del editor, distribuidor, etc. The Macmillan Company,
Fecha de publicación, distribución, etc. 1915.
300 ## - DESCRIPCIÓN FÍSICA
Extensión X, 268 p. ;
Dimensiones 19 x 12 cm.
500 ## - NOTA GENERAL
Nota general Miembros del `Committee of Seven`: Andrew C. McLaughlin, chairman, Herbert B. Adams, George L. Fox, Albert Bushnell Hart, Charles H. Haskins, Lucy M. Salmon, H. Morse Stephens.
700 1# - ENTRADA AGREGADA--NOMBRE PERSONAL
Nombre de persona McLaughlin, Andrew Cunningham.
9 (RLIN) 79600
700 1# - ENTRADA AGREGADA--NOMBRE PERSONAL
Nombre de persona Adams, Herbert Baxter,
Fechas asociadas al nombre 1850-1901
9 (RLIN) 18389
700 1# - ENTRADA AGREGADA--NOMBRE PERSONAL
Nombre de persona Fox, George L.
9 (RLIN) 52023
700 0# - ENTRADA AGREGADA--NOMBRE PERSONAL
Nombre de persona Harth, Albert Bushnell
9 (RLIN) 61974
700 1# - ENTRADA AGREGADA--NOMBRE PERSONAL
Nombre de persona Haskins, Charles Homer.
9 (RLIN) 62037
700 1# - ENTRADA AGREGADA--NOMBRE PERSONAL
Nombre de persona Stephens, H. Morse.
9 (RLIN) 108107
700 1# - ENTRADA AGREGADA--NOMBRE PERSONAL
Nombre de persona Salmon, Lucy Maynard.
9 (RLIN) 102001
710 2# - ENTRADA AGREGADA--NOMBRE DE ENTIDAD CORPORATIVA
Nombre de entidad corporativa o nombre de jurisdicción como elemento de entrada American Historical Association.
9 (RLIN) 1360
852 ## - LOCALIZACIÓN
Ubicación ES-MaACL
Número de control de estantería F-10087
Holdings
Estatus retirado Estado de pérdida Estado de daño No para préstamo Biblioteca de origen Biblioteca actual Ubicación en estantería Fecha de adquisición Fuente de adquisición Total de préstamos Signatura topográfica completa Código de barras Visto por última vez Precio de reemplazo Tipo de ítem Koha
        Biblioteca del Ateneo de Madrid Biblioteca del Ateneo de Madrid Sala Pecera Planta 2 17/01/2008     F-10087 1155119 23/02/2023 23/02/2023 Libro impreso